Hill's equation /

Guardado en:
Autor Principal: Magnus, Wilhelm, 1907-
Otros Autores: Winkler, Stanley.
Formato: Libro
Idioma:English
Publicado: New York : Dover, 1979.
Materias:
Etiquetas: Agregar Etiqueta
Sin Etiquetas, Sea el primero en etiquetar este registro!
LEADER 00708nam a2200229 a 4500
001 MAT.inmabb004279
008 790622s1979####nyu######b####001#0#eng##
005 20160530115649.0
245 1 0 |a Hill's equation /  |c Wilhelm Magnus, Stanley Winkler. 
260 |a New York :  |b Dover,  |c 1979. 
300 |a viii, 129 p. ;  |c 21 cm. 
500 |a Versión corregida de la ed. original: New York : Wiley, 1966. 
504 |a Bibliografía: p. 122-127. 
510 4 |a MR,  |c 80k:34001 
020 |a 0486637387 
100 1 |a Magnus, Wilhelm,  |d 1907- 
700 1 |a Winkler, Stanley. 
650 0 |a Hill's equation. 
084 |a 34B30  |2 MR 
010 |a  78074114  
040 |a DLC  |c DLC  |d DLC 
859 |h 34  |i M199  |p A-5937  |b BIB. MATEMATICA